Normal view
MARC view
- Forests and forestry
Entry Topical Term
001 - CONTROL NUMBER
- control field: 37101
003 - CONTROL NUMBER IDENTIFIER
- control field: NUST
005 - DATE AND TIME OF LATEST TRANSACTION
- control field: 20210314130204.0
008 - FIXED-LENGTH DATA ELEMENTS
- fixed length control field: 210314|| aca||aabn | a|a d
040 ## - CATALOGING SOURCE
- Original cataloging agency: NUST
- Transcribing agency: NUST
150 ## - HEADING--TOPICAL TERM
- Topical term or geographic name entry element: Forests and forestry
- General subdivision: Dictionaries
670 ## - SOURCE DATA FOUND
- Source citation: Work cat.: (NUST): Webster, L. F. 37099, The Wiley dictionary of civil engineering and construction /, c1997.
